| 000 | 00358nam a2200145Ia 4500 | ||
|---|---|---|---|
| 005 | 20250319135557.0 | ||
| 008 | 240331s9999 xx 000 0 und d | ||
| 082 |
_bPER _a894 |
||
| 100 | _aPeran, N.K | ||
| 245 | 0 | _aVimaanankal meendum varum | |
| 260 |
_aNelliyadi _bSharmila Pathippagam _c1985 |
||
| 300 | _aix, 36 p ., | ||
| 650 | _aShort Novel | ||
| 942 | _cL | ||
| 999 |
_c4106 _d4106 |
||